| 000 | 00787nam a2200241 i 4500 | ||
|---|---|---|---|
| 001 | 56380 | ||
| 003 | ES-MaACL | ||
| 005 | 20230906163344.0 | ||
| 007 | t| | ||
| 008 | 031008s1985 sp ||||1| spa d | ||
| 020 | _a84-7525-320-2 | ||
| 245 | 0 | 0 |
_aDiccionario de Química / _c[Bartolomé Sabater García, coordinador ; Antonio Nicolás García, Luis Fuentes Garrido]. |
| 250 | _a1ª ed. | ||
| 260 |
_aMadrid : _bAnaya, _c1985. |
||
| 300 |
_aX, 435 p. : _bil. ; _c22 cm. |
||
| 490 | 1 | _aDiccionarios monográficos | |
| 700 | 1 |
_aSabater García, Bartolomé. _9101177 |
|
| 700 | 1 |
_aGarcía, Antonio Nicolás. _954003 |
|
| 700 | 1 |
_aFuentes Garrido, Luis. _952922 |
|
| 830 | 0 |
_aDiccionarios monográficos _9182579 |
|
| 852 |
_aES-MaACL _jL-10500 _bR.111862 |
||
| 999 |
_c56380 _d56380 |
||